Stations in Oxfordshire - Statistics

General Stats
  • This quiz has been taken 10 times
    6 since last reset
  • The average score is 9 of 23
Answer Stats
Hint Answer % Correct
Oxford Oxford
100%
South Oxon Didcot Parkway
83%
Vale of White Horse Radley
83%
Cherwell Bicester Village
67%
West Oxon Charlbury
67%
Vale of White Horse Appleford
50%
Cherwell Banbury
50%
South Oxon Culham
50%
South Oxon Henley-on-Thames
50%
Cherwell Oxford Parkway
50%
West Oxon Ascott-under-Wynchwood
33%
Cherwell Bicester North
33%
West Oxon Hanborough
33%
Cherwell Heyford
33%
West Oxon Kingham
33%
West Oxon Tackley
33%
South Oxon Cholsey
17%
West Oxon Combe
17%
West Oxon Finstock
17%
South Oxon Goring & Streatley
17%
Cherwell Islip
17%
South Oxon Shiplake
0%
West Oxon Shipton
0%
No matching quizzes found
Score Distribution
Percent of People with Each Score
Percentile by Number Answered
Your Score History
You have not taken this quiz since the last reset